书目信息 |
| 题名: |
中国人民银行统计季报
|
|
| 作者: | ;中国人民银行 , 中国人民银行调查统计司 编 | |
| 分册: | 2020-1 总第97期 | |
| 出版信息: | 北京 中国金融出版社 2020 |
|
| 页数: | 109页 | |
| 开本: | 29cm | |
| 丛书名: | ||
| 单 册: | ||
| 中图分类: | F832.31-66 , F832.31 | |
| 科图分类: | ||
| 主题词: | ||
| 电子资源: | ||
| ISBN: | 978-7-5220-0681-9 | |
| 000 | 01173nam0 2200253 450 | |
| 001 | 2370797533 | |
| 005 | 20230923194107.26 | |
| 010 | @a978-7-5220-0681-9@dCNY98.00 | |
| 100 | @a20201118d2020 em y0chiy50 ea | |
| 101 | 0 | @achi@aeng |
| 102 | @aCN@b110000 | |
| 105 | @ak iz 000yy | |
| 200 | 1 | @a中国人民银行统计季报@Azhong guo ren min yin hang tong ji ji bao@f中国人民银行调查统计司编@FZhong Guo Ren Min Yin Hang Diao Cha Tong Ji Si Bian@h2020-1 总第97期@dThe People's Bank of China quarterly statistical bulletin@hVolume XCVII@zeng |
| 210 | @a北京@c中国金融出版社@d2020 | |
| 215 | @a109页@d29cm | |
| 330 | @a本书共分十部分,包括主要经济指标概览、金融机构货币统计、金融市场统计、利率、资金流量表(金融交易账户)、经济调查、物价统计、主要经济金融指标图等。 | |
| 510 | 1 | @aPeople's Bank of China quarterly statistical bulletin@hVolume XCVII@zeng |
| 601 | 02 | @a中国人民银行@x统计资料@z2020 |
| 690 | @aF832.31-66@v5 | |
| 690 | @aF832.31@v4 | |
| 711 | 02 | @a中国人民银行@Azhong guo ren min yin hang@b调查统计司@4编 |
| 711 | 02 | @a中国人民银行调查统计司@AZhong Guo Ren Min Yin Hang Diao Cha Tong Ji Si@4编 |
| 801 | 0 | @aCN@b安徽时代@c20230923 |
| 905 | @aBZT@dF832.31@e4:97 | |
| 中国人民银行统计季报/中国人民银行调查统计司编.2020-1 总第97期=The People's Bank of China quarterly statistical bulletin.Volume XCVII.-北京:中国金融出版社,2020 |
| 109页;29cm |
| ISBN 978-7-5220-0681-9:CNY98.00 |
| 本书共分十部分,包括主要经济指标概览、金融机构货币统计、金融市场统计、利率、资金流量表(金融交易账户)、经济调查、物价统计、主要经济金融指标图等。 |
| ● |
| 相关链接 |
|
|
|
正题名:中国人民银行统计季报
索取号:F832.31/4:97
 
预约/预借
| 序号 | 登录号 | 条形码 | 馆藏地/架位号 | 状态 | 备注 |
| 1 | 2000919679 | 2000919679 | 第四书库/四007架A面2层1列/ [索取号:F832.31/4:97] | 在馆 | |
| 2 | 2000919680 | 2000919680 | 第四书库/四007架A面2层1列/ [索取号:F832.31/4:97] | 在馆 | |
| 3 | 2000919681 | 2000919681 | 第四书库/四007架A面2层1列/ [索取号:F832.31/4:97] | 在馆 | |
| 4 | 2000919682 | 2000919682 | 第四书库/四007架A面2层1列/ [索取号:F832.31/4:97] | 在馆 | |
| 5 | 2000919683 | 2000919683 | 第四书库/四007架A面2层1列/ [索取号:F832.31/4:97] | 在馆 | |
| 6 | 2000919684 | 2000919684 | 第四书库/四007架A面2层1列/ [索取号:F832.31/4:97] | 在馆 |